000 00763nam a2200253 a 4500
001 BRCA_8197
005 20190320210154.0
008 130514s1931----fr-a###f##---#000-0#fre-#
041 _afre
044 _afr
050 4 _aNK3780
_b.G53 1931
100 1 _aGiacomotti, Jeanne
_914386
245 1 0 _aLa Ceramique II
_bla faïence en Europe du moyen age au XVIIIe siècle
_cJeanne Giacomotti.
260 _aParís
_bE. Flammarion
_c1931
300 _a63 p.
_bil. (algunas a color), 92 láminas
_c22 cm.
440 0 _aLes Arts decoratifs
_920425
500 _aEjemplar igual a F133 (Tomo II)
500 _aVer también U56
500 _aU55
650 1 4 _aCerámica
_vEdad Media
_920426
650 1 4 _aCerámica
_vHistoria
_920427
902 _aGFM
942 _2lcc
_cB
999 _c7865
_d7865